Hangverseny

Srpáva o koncerte v Huemnnom 6.06.1914, ktorý usporiada humenský spevokol v svoj prospech.

Podrobná bibliografia
Médium: Článok
Jazyk:Hungarian
Témy:
Zdroj: 1. Felvidéki Hirlap 1. Roč. 7, č. 20 (24.05.1914) s. 2
LEADER 00769nab#a2200301#ar4500
001 000074479
003 SVKKK
005 20041220xxxxxxx.
008 06 c xo huno
FMT
038 |a SVKKK 
040 |a SVKKK  |b slo  |e AACR2 
041 0 |a hun 
044 |a xo  |c SK 
080 |a 78.071 
242 1 0 |a Koncert 
245 0 0 |a Hangverseny 
500 |a mikrofilm 
520 2 |a Srpáva o koncerte v Huemnnom 6.06.1914, ktorý usporiada humenský spevokol v svoj prospech. 
650 0 4 |a koncerty - spevokolo mestský, Humenné - 6.06.1914 - správy 
773 0 |t Felvidéki Hirlap  |g Roč. 7, č. 20 (24.05.1914) s. 2 
957 |a Humenné 
958 |a DG 
958 |a SK 
974 |a Ba  |d 20041220 
992 |a RBX 
BAS
998 |a RETRO